| 000 | 00456nam a22001817a 4500 | ||
|---|---|---|---|
| 005 | 20230207111602.0 | ||
| 008 | 230207b ||||| |||| 00| 0 eng d | ||
| 020 | _a8173393397 | ||
| 040 |
_aIN-DiNC _cIN-DiNC |
||
| 041 | _dasm | ||
| 082 |
_a410 _bKON |
||
| 100 |
_aKonwar, Arpana _eauthor |
||
| 245 |
_aBhasa Vijanan Upakramanika _cBy Arpana Konwar |
||
| 250 | _a2nd ed. | ||
| 260 |
_aDibrugarh: _bBanalata, _c2008 |
||
| 300 | _a238p. | ||
| 942 |
_2ddc _cBK |
||
| 999 |
_c11495 _d11495 |
||